00519nam a2200193Ia 4500008004100000050001900041050001800060100003200078245003400110245003100144250001600175260001300191260003200204260000900236300001600245300002000261300001100281650003300292160404s9999 xx 000 0 und d aFIL Z 52.5.M52 b.C75 2011 c.2 aCrisostomo, Conchita Camba. aWord processing for windows / cConchita Camba Crisostomo. a6th Edition aManila : b3K-IT Educational Services, c2011 a153 pages : billustrations ; c23 cm. aWindows (Computer programs)